01780nam a2200301 a 4500001001000000003000400010005001700014008004100031040002500072082002600097245010000123246008400223260003600307300004300343500007400386504002800460505036800488590002700856650002400883651007000907651006600977710010401043910003701147942001401184952012101198952014201319999001701461000045119OSt20210505151705.0150203s2012 dr abc 000 0 spa d aDO-SdBNPbspacBNPHU 4a306.097293bC153v22210aCalidad de vida : bestudio socioeconómico de hogares modelo de categorización optimizado.10aCalidad de vida : estudio socioeconómico de hogares en República Dominicana aSanto Domingo :bSIUBEN,c2012. a326 p. :bil., mapas, retrs. ;c28 cm. aIncluye referencias bibliográficas y notas al pie de las páginas. aBibliografía : p. 3260 aIntroducción --tContexto operativo del SIUBEN --tFolización de la política social --tEl índice de calidad de vida (ICV). Instrumento para la categorización y focalización de los hogares --tAspectos metodológicos del estudio socioeconómico de hogares --tEstudio socioeconómico de hogares 2012: Principales resultados --tReflexiones finales. aInventariado, 2019/MFF 4aCalidad vida973134 4aRepública DominicanaxPoblaciónxAspectos Económicos935343 4aRepública DominicanaxPoblaciónxAspectos Sociales9731352 aRepública Dominicana.bVicepresidencia de la RepúblicabSistema Único de Beneficiarios973136 aValidado. Control de calidad MFF 2ddccLBS1 00102ddc51718PDaBNPHUbPDcHDd2015-02-03l0oBNPHU PD 306.097293 C153vp45119-10r2020-06-25w2020-06-25yLFPD 00102ddc51728PDaBNPHUbBNPHUcHDd2020-11-25eODECOPLINl0oBNPHU PD 306.097293 C153vp2021-1660r2020-11-25te. 2w2020-11-25yLFPD c44608d44608